MARC

Tag First Indicator Second Indicator Subfields
LEADER 00000cam a2200000 4500
001 in00000236830
005 20230822115434.0
008 740706s1973 fr s i000 0 eng
010 |a  74170572  
015 |a GB7330043  |2 bnb 
016 |a (AMICUS)000001088549 
019 |a 963076  |a 877740509  |a 1101327750  |a 1107177036  |a 1107725411 
020 |a 9264111190 
020 |a 9789264111196 
029 1 |a AU@  |b 000000331661 
029 1 |a NLGGC  |b 099469383 
029 1 |a NZ1  |b 3014117 
029 1 |a NZ1  |b 25888 
029 1 |a NLC  |b 000001088549 
035 |a (OCoLC)ocm00936187  
035 |a (OCoLC)936187  |z (OCoLC)963076  |z (OCoLC)877740509  |z (OCoLC)1101327750  |z (OCoLC)1107177036  |z (OCoLC)1107725411 
035 |a (OCoLC)ocm00936187  
040 |a DLC  |b eng  |c DLC  |d OCL  |d CUY  |d UPM  |d NIALS  |d OCLCO  |d OCLCF  |d NLE  |d OCLCQ  |d NLC  |d OCLCQ  |d OCLCA  |d WURST  |d IL4J6  |d OCLCO 
050 0 0 |a HD9240.4  |b .O73 1973 
082 0 0 |a 338.1/7/4 
110 2 |a Organisation for Economic Co-operation and Development. 
245 1 0 |a Market forecasts for 1975 for certain fruit and vegetables: apples, pears, peaches and tomatoes. 
260 |a Paris,  |b Organisation for Economic Co-operation and Development,  |c 1973. 
300 |a 160 pages  |c 29 cm. 
336 |a text  |b txt  |2 rdacontent 
337 |a unmediated  |b n  |2 rdamedia 
338 |a volume  |b nc  |2 rdacarrier 
490 1 |a Agricultural products and markets 
650 0 |a Fruit trade  |v Statistics. 
650 0 |a Tomatoes  |x Marketing  |v Statistics. 
650 7 |a Fruit trade.  |2 fast  |0 (OCoLC)fst00935698 
650 7 |a Tomatoes  |x Marketing.  |2 fast  |0 (OCoLC)fst01152403 
650 7 |a Fruit trade  |v Statistics.  |2 nli 
650 7 |a Tomatoes  |x Marketing  |v Statistics.  |2 nli 
653 0 0 |a appels 
653 0 0 |a apples 
653 0 0 |a economische situatie 
653 0 0 |a economic situation 
653 0 0 |a solanum lycopersicum 
653 0 0 |a perziken 
653 0 0 |a peaches 
653 0 0 |a peren 
653 0 0 |a pears 
653 0 0 |a prunus persica 
653 0 0 |a tomaten 
653 0 0 |a tomatoes 
653 0 0 |a wereld 
653 0 0 |a world 
653 0 0 |a economische productie 
653 0 0 |a economic production 
653 1 0 |a Apples, Pears 
653 1 0 |a Appels, peren 
655 7 |a Statistics.  |2 fast  |0 (OCoLC)fst01423727 
776 0 8 |i Online version:  |a Organisation for Economic Co-operation and Development.  |t Market forecasts for 1975 for certain fruit and vegetables: apples, pears, peaches and tomatoes.  |d Paris, Organisation for Economic Co-operation and Development, 1973  |w (OCoLC)557522635 
830 0 |a Agricultural products and markets. 
948 |h HELD BY TXA - 149 OTHER HOLDINGS 
994 |a Z0  |b TXA 
999 f f |s e6881d5c-7974-38a4-ac1b-6a9a8884ee23  |i 9ddc4f74-2db1-398c-9645-98b401456cec  |t 0 
952 f f |p ric  |a Texas A&M University  |b Rellis Campus  |c Joint Library Facility  |d Remote Storage  |t 0  |e HD9000.6 .O74 1973  |h Library of Congress classification  |i unmediated -- volume  |m A14802715438 
998 f f |a HD9000.6 .O74 1973  |t 0  |l Remote Storage